000
00332nam a2200133Ia 4500
008
240624s9999 xx 000 0 und d
041
_a
eng
082
_a
332 TVE
100
_a
TVEDE LARS
245
_a
PSYCHOLOGY OF FINANCE
260
_c
1999
_a
New York
_b
John Wiley & Sons
300
_a
viii, : 296 : p. : cm. ; 23
365
_c
_b
26
999
_c
20132
_d
20132